000 00860cam a22002651 4500
001 30380
003 BD-RjUL
005 20211209051545.0
008 140409s1962 enka b 000 0 eng
035 _a(BD-RjUL)30465
040 _aDLC
_cDLC
_dBD-RjUL
_beng
041 _aeng
082 0 0 _a136.765
_bGEC 1962
100 1 _aGetzels, Jacob W.
_992338
245 1 0 _aCreativity and intelligence :
_bexplorations with gifted students /
_cby Jacob W. Getzels and Philip W. Jackson.
260 _aLondon :
_aNew York,
_bWiley
_c1962
300 _a293 p. :
_billus. ;
_c23 cm.
504 _aIncludes bibliography.
650 0 _aGifted children.
_945563
650 0 _aCreation (Literary, artistic, etc.)
_92740
700 1 _aJackson, Philip W.
_q(Philip Wesley),
_d1928-
_ejoint author.
_992339
942 _2ddc
_cBK
999 _c30380
_d30380